000 01079cam a2200301 4500
008 090401t1993 xxu||||| |||| 00| 0 eng d
020 _a0854066268
035 _a(Sirsi) u59466
041 _aeng
050 _a332.6324
090 _aRICS 1993/81ABCD
110 _aRoyal Institution of Chartered Surveyors
_94900
245 4 _aThe investment performance of listed buildings: a joint research project commissioned by the Royal Institution of Chartered Surveyors and English heritage.
260 _aLondon
_bRICS
_c1993
300 _a19p. ; 30cm.
350 _a9.95
520 _aInformation revised by 1994 update (RICS 1995/11). Research carried out by the Investment Property Databank.
650 _aHISTORIC BUILDINGS
650 _aINVESTMENT PERFORMANCE
650 _aLISTED BUILDINGS
650 _aOFFICES
650 _aPROPERTY INVESTMENT
690 _aPROPERTY-COMMERCIAL PROPERTY-COMMERCIAL PROPERTY FINANCE AND INVESTMENT
710 _aEnglish Heritage
_92714
710 _aInvestment Property Databank
_92288
942 _n0
948 _c04/03/1997
999 _c94151
_d94151